| 000 | 01029nam a22001937a 4500 | ||
|---|---|---|---|
| 003 | 0 | ||
| 005 | 20241119091150.0 | ||
| 008 | 241119b xxu||||| |||| 00| 0 eng d | ||
| 020 | _a9780367339142 | ||
| 050 |
_aLB 1051 _b.Ed38 2024 |
||
| 245 |
_aEducational psychology / _cEdited by Tony Cline, Anthea Gulliford, and Susan Birch. |
||
| 250 | _a3rd ed. | ||
| 260 |
_aNew York, NY : _bRoutledge, _c2024. |
||
| 300 |
_axv, 272 p. ; _c25 cm. |
||
| 504 | _aIncludes bibliographical references and index. | ||
| 520 | _a"Now in its Third Edition, Educational Psychology offers a comprehensive overview of how key advances in social, developmental and cognitive psychology impact upon the role of educational psychologists working today. Written by leading researchers, the book also explores controversies and dilemmas in both research and practice, providing students with a balanced and cutting-edge introduction to both the field and the profession"--Provided by publisher. | ||
| 650 | _aEducational psychology. | ||
| 942 |
_2lcc _cBK |
||
| 999 |
_c366758 _d366758 |
||